01820agaaa2200325 45000010005000000030009000050050017000140070009000310080040000400400023000800410013001031000045001161300031001612400042001922450175002342460035004092500022004442600146004663000035006125080184006475110086008315200243009175380009011605460013011696500069011827000067012517000057013187000056013757000063014310725IT-RoPAU20220918181238.0d cvaizq50131s9999||||xx ||| | || ||und|| aIT-RoPAUcIT-RoPAU aITALIANO aLosey JosephgCodice regista SPICS: 4494 aASSASSINIO DI TROTSKY (L') aASSASSINATION OF TROTSKY (THE)gT2526 aASSASSINIO DI TROTSKY (L')cSceneggiatura: Mosley Nicholas D'Amico Masolino -- Diretto da: Losey JosephpASSASSINIO DI TROTSKY (L') (Rif. Codice opera principale : V0725) aASSASSINATION OF TROTSKY (THE) aEdizione Standard aROMA - PARIGI (ITALIA - FRANCIA)bDE LAURENTIS - CIAC - CINETEL / Distribuzione: SPF FIRENZEg"1972 (1° ed.: 1993 ; Ed. Lingua Orig.: 1972)" a16MMbsonoro, col.c105 minuti a"Fotografia: De Santis Pasqualino; Montaggio: Silvi Roberto; Musica: Macchi Egisto; Sceneggiatura: Mosley Nicholas D'Amico Masolino; Soggetto: Mosley Nicholas -- D'Amico Masolino" a"Burton Richard; Delon Alain; Schneider Romy; Cortese Valentina; Vannucchi Luigi" aLEONE TROTSKY, FUGGITO DALLA RUSSIA IN MESSICO, TROVA RIFUGIO IN UNA FATTORIA. QUI ASSISTITO DALLA MOGLIE, PENSA E SCRIVE. UN GIORNO UN CERTO FRANK JACKSON UCCIDE CON UN MARTELLO IL RIVOLUZIONARIO. FILM A COLORI. PELLICOLA IN BUONO STATO. aMONO aITALIANO aDRAMMATICOePELLICOLE CINEMA [16 MM]xCodice MATERIA SPICS: 9955 aD'Amico Masolino e(soggetto)gCodice Soggetto 2° SPICS: 7587 aLosey Joseph e(regista)gCodice regista SPICS: 4494 aMacchi Egistoe(musica)gCodice Musica SPICS: 14356 aMosley Nicholas e(soggetto)gCodice Soggetto SPICS: 38582